000 00692nam a2200217Ia 4500
003 GCL
008 140319s9999 xx 000 0 ara d
040 _aGCL /
_cGCL
082 0 4 _a361.4
_bغ م
100 1 _aغريب محمد سيد احمد
245 1 0 _aالمدخل فى دراسة الجماعات الاجتماعية /
_cغريب محمد سيد احمد
260 _a[S.N] :
_bدار المعرفة الجامعية ،
_c1993
300 _a318 ص
490 _a
650 0 4 _aتنظيم المجتمع
650 0 4 _aخدمة الفرد
650 0 4 _aالخدمة الاجتماعية
650 0 4 _aالاجتماع
650 0 4 _aخدمة الجماعة
942 _2ddc
_cBK
999 _c55576
_d55576